|
|
|
|
| LEADER |
00000cam a2200000 7i4500 |
| 001 |
0000006613 |
| 005 |
20061226093000.0 |
| 008 |
060820 -us i eng |
| 020 |
|
|
|a 1591404568
|
| 090 |
0 |
0 |
|a HF5549.5.E37
|b E43 2005
|
| 245 |
0 |
0 |
|a Electronic monitoring in the workplace :
|b controversies and solutions
|c [edited by] John Weckert
|
| 260 |
2 |
|
|a Hershey, PA :
|b Idea Group Publishing ,
|c c2005
|
| 300 |
|
|
|a xiii, 305 p. :
|b ill. ;
|c 27 cm.
|
| 504 |
|
|
|a Includes bibliographical references and index
|
| 650 |
|
0 |
|a Electronic monitoring in the workplace
|
| 650 |
|
0 |
|a Privacy, Right of
|
| 650 |
|
0 |
|a Supervision of employees
|
| 700 |
1 |
|
|a Weckert, John ,
|e author
|
| 999 |
|
|
|a 1000105605
|b Book
|c OPEN SHELF (30 DAYS)
|e Gong Badak Campus
|